ਨੀਲਇੰਦਰ/ (Record no. 81363)

MARC details
000 -LEADER
fixed length control field 00782nam a22002417a 4500
005 - DATE AND TIME OF LATEST TRANSACTION
control field 20131220122806.0
008 - FIXED-LENGTH DATA ELEMENTS--GENERAL INFORMATION
fixed length control field 131126b xxu||||| |||| 00| 0 eng d
010 ## - LCCN (DPL NO)
LC control number PUN-7770
020 ## - INTERNATIONAL STANDARD BOOK NUMBER
Terms of availability 135.00
International Standard Book Number 9789350680902
035 ## - SYSTEM CONTROL NUMBER
System control number PN-6888
037 ## - SOURCE OF ACQUISITION
Source of stock number/acquisition DBAD / PUB
037 ## - SOURCE OF ACQUISITION
Source of stock number/acquisition Unistar Books
040 ## - CATALOGING SOURCE
Original cataloging agency dpl
Language of cataloging pn
082 ## - DEWEY DECIMAL CLASSIFICATION NUMBER
Classification number 851
100 ## - MAIN ENTRY--PERSONAL NAME
Personal name ਵਰਿੰਦਰ ਫਰਹਾਦ
245 ## - TITLE STATEMENT
Title ਨੀਲਇੰਦਰ/
Statement of responsibility, etc ਵਰਿੰਦਰ ਫਰਹਾਦ
246 ## - VARYING FORM OF TITLE
Title proper/short title Neelinder
Remainder of title by Varinder Farhad
260 ## - PUBLICATION, DISTRIBUTION, ETC. (IMPRINT)
Place of publication, distribution, etc Chandigarh
Name of publisher, distributor, etc Unistar Books
Date of publication, distribution, etc 2012
270 ## - ADDRESS
City Chandigarh
Address sco-26-27, sector-34 A
Telephone number 0172-5077427- 9815471219
Postal code 160022
300 4# - PHYSICAL DESCRIPTION
Extent 87p.
Dimensions 22ਸੇਂਮੀ (ਸਜਿਲੱਦ)
942 ## - ADDED ENTRY ELEMENTS (KOHA)
Source of classification or shelving scheme Dewey Decimal Classification
Item type Punjabi Bks
Classification part 851
Call number suffix ਵਰਿੰਦ
Holdings
Withdrawn status Lost status Source of classification or shelving scheme Damaged status Not for loan Collection code Home library Current library Date acquired Source of acquisition Cost, normal purchase price Total Checkouts Full call number Barcode Date last seen Copy number Cost, replacement price Koha item type
    Dewey Decimal Classification     Non-fiction D.B.Act.Division D.B.Act.Division 20/12/2013 DBAd 135.00   851 ਵਰਿੰਦ PN-6888 20/12/2013 1 135.00 Punjabi Bks

© Delhi Public Library
Hit Counter
free hit counter